Positive psychology : (Record no. 117540)
[ view plain ]
| 000 -LEADER | |
|---|---|
| fixed length control field | 00618nam a2200181Ia 4500 |
| 003 - CONTROL NUMBER IDENTIFIER | |
| control field | PILC |
| 005 - DATE AND TIME OF LATEST TRANSACTION | |
| control field | 20160202105943.0 |
| 008 - FIXED-LENGTH DATA ELEMENTS--GENERAL INFORMATION | |
| fixed length control field | 140527s9999 xx 000 0 und d |
| 020 ## - INTERNATIONAL STANDARD BOOK NUMBER | |
| International Standard Book Number | 9781111834135 |
| 050 ## - LIBRARY OF CONGRESS CALL NUMBER | |
| Classification number | BF 204.6 |
| Item number | .C739 2013 |
| 100 ## - MAIN ENTRY--PERSONAL NAME | |
| Personal name | Compton, William C. |
| 245 ## - TITLE STATEMENT | |
| Title | Positive psychology : |
| Remainder of title | the science of happiness and flourishing / |
| Statement of responsibility, etc | William C. Compton , Edward Hoffman. |
| 260 ## - PUBLICATION, DISTRIBUTION, ETC. (IMPRINT) | |
| Place of publication, distribution, etc | Belmont, CA : |
| Name of publisher, distributor, etc | Wadsworth Cengage Learning, |
| Date of publication, distribution, etc | 2013. |
| 300 ## - PHYSICAL DESCRIPTION | |
| Extent | 381 pages : |
| Other physical details | illustrations ; |
| Dimensions | 23 cm. |
| 500 ## - GENERAL NOTE | |
| General note | Includes bibliographical references and index. |
| 942 ## - ADDED ENTRY ELEMENTS (KOHA) | |
| Call number prefix | Foreign |
| Koha item type | Books |
| Source of classification or shelving scheme | Library of Congress Classification |
| Withdrawn status | Lost status | Damaged status | Home library | Current library | Shelving location | Date acquired | Cost, normal purchase price | Total Checkouts | Total Renewals | Full call number | Barcode | Date last seen | Date checked out | Price effective from | Koha item type |
|---|---|---|---|---|---|---|---|---|---|---|---|---|---|---|---|
| College Library | College Library | Reserve Section | 05/28/2014 | 3210.00 | 9 | 34 | BF 204.6 .C739 2013 | C18148 | 06/07/2021 | 05/21/2021 | 05/28/2014 | Books |